000 00683nam a2200229Ia 4500
003 OSt
005 20220925204418.0
006 a|||||r|||| 00| 0
007 ta
008 220923b |||||||| |||| 00| 0 eng d
037 _cGeneral Book
040 _aRTL
_cRTL
_beng
041 _2eng
_aeng
082 _aX9(L:5):8b4, N6
100 _aJanovsky Katja Ed.
_9268410
245 0 _aHealth policy and systems development
_b An agenda
260 _aGeneva
_bWorld Health Organization
_c1996
300 _avii,245p. Bib p. 240-41
_ccm.
650 _aHealth Economics
942 _hX9(L:5):8b4, N6
_cGB
_2CC
999 _c549371
_d549371